000 00510nam a2200169 i 4500
001 88504
003 ES-MaACL
005 20230906175854.0
007 t|
008 050104s1926 fr ||||1| fre d
100 1 _aLalou, René.
_969741
245 1 0 _aPanorama de la litterature anglaise contemporaine /
_cpar René Lalou.
260 _aParís :
_bKra,
_c1926 (
_fF. Paillart)
300 _a278 p. ;
_c19 cm.
650 4 _aLiteratura inglesa-
_yS.XX-
_xHistoria y crítica.
_9164156
852 _aES-MaACL
_jA-1236
999 _c88504
_d88504